| 000 | 00607nam a2200229Ia 4500 | ||
|---|---|---|---|
| 999 |
_c41217 _d41217 |
||
| 001 | 7869 | ||
| 003 | GE_BSU | ||
| 005 | 20220927153125.0 | ||
| 008 | 181216s2012en xx |||||||||||||| ||eng|| | ||
| 020 | _a9780521284752 | ||
| 040 | _cGE_BSU | ||
| 041 | _aeng | ||
| 080 | _a811.111'36 B-89 | ||
| 100 |
_aBrown, Gillian _914858 |
||
| 245 |
_aDiscourse Analysis / _cGillian Brown. |
||
| 264 |
_aCambridge, _c2012. |
||
| 300 |
_a288 p.: _c22 cm. |
||
| 653 | _aDiscourse Analysis | ||
| 653 | _aᲓისკურსის ანალიზი | ||
| 653 | _aგრამატიკა | ||
| 942 |
_cBK _2udc |
||